First encyclopedia of dinosaurs : (Record no. 114391)
[ view plain ]
| 000 -LEADER | |
|---|---|
| fixed length control field | 00346nam a2200121 a 4500 |
| 005 - DATE AND TIME OF LATEST TRANSACTION | |
| control field | 20140414132059.0 |
| 008 - FIXED-LENGTH DATA ELEMENTS--GENERAL INFORMATION | |
| fixed length control field | 110805s19uu xx 00 eng d |
| 050 ## - LIBRARY OF CONGRESS CALL NUMBER | |
| Classification number | REF 560.22 |
| Item number | T16 2004 |
| 100 ## - MAIN ENTRY--PERSONAL NAME | |
| Personal name | Taplin, Sam |
| 245 ## - TITLE STATEMENT | |
| Title | First encyclopedia of dinosaurs : |
| Remainder of title | and prehistoric life. |
| 260 ## - PUBLICATION, DISTRIBUTION, ETC. (IMPRINT) | |
| Place of publication, distribution, etc | New york : |
| Name of publisher, distributor, etc | Scholastic, |
| Date of publication, distribution, etc | 2004. |
| Withdrawn status | Lost status | Damaged status | Home library | Current library | Shelving location | Date acquired | Source of acquisition | Total Checkouts | Full call number | Barcode | Date last seen | Price effective from | Koha item type |
|---|---|---|---|---|---|---|---|---|---|---|---|---|---|
| Munich Library | Munich Library | Reference Section | 08/05/2011 | REF 560.22 T16 2004 | M6207 | 04/14/2014 | 04/14/2014 | Books |